000 00545nam a2200169 a 4500
001 000047828
005 20201002060748.0
008 110418s1994 dr 000 0 spa d
020 _a8495188031
040 _aDO-SdBNP
_bspa
_cBNPHU
082 _acc
_bxx
245 0 0 _aEducación y participación :
_bcamino hacia la democracia /
_cilustración Rubén Peña Rosario.
260 _aSanto Domingo :
_bCentro Cultural Proveda,
_c1994.
300 _a20 p. :
_bil. ;
_c28 cm.
590 _aInventariado, 2018/VM
700 1 _aPeña Rosario, Rubén
_956397
999 _c47316
_d47316